MARC

LEADER 00000nas1a2200000 4500
001 379847
005 20231101062631.0
011 |a 0032-8162 
035 |a (RuTPU)RU\TPU\prd\300 
035 |a PERI00000300 
090 |a 379847 
100 |a 20011210a19569999k y0rusy50 ca 
101 0 |a rus 
102 |a RU 
110 |a agaz|||0uu0 
200 1 |a Приборы и техника эксперимента  |f Российская академия наук (РАН) 
210 |a Москва  |c Наука  |d 1956- 
305 |a Издается с 1956 г. 
326 |a 6 номеров в год 
469 |0 (RuTPU)RU\TPU\subscr\128 
610 1 |a экспериментальная физика 
610 1 |a физические приборы 
610 1 |a физические измерения 
610 1 |a физические эксперименты 
610 1 |a измерительные приборы 
610 1 |a эксперименты 
675 |a 53.08  |v 3 
675 |a 681.2  |v 3 
712 0 2 |a Российская академия наук (РАН)  |2 stltpush  |3 (RuTPU)RU\TPU\col\51 
801 0 |a RU  |b 63413507  |c 20011210  |g PSBO 
801 2 |a RU  |b 63413507  |c 20200220  |g PSBO 
856 4 |u https://elibrary.ru/title_about.asp?id=7954 
856 4 |u https://sciencejournals.ru/list-issues/pribory/ 
942 |c CR 
969 |0 001RU\TPU\subscr\128